Anagrammi dei Calciatori - Quiz n°44 - Statistics

Statistiche generali
  • Questo quiz è stato fatto 5 volte
  • Il punteggio medio è 4 su 10
Statistiche sulle risposte
Anagramma Calciatore % Corretto
émna Mané
100%
lmndoebe Ndombele
67%
rndaool Ronaldo
67%
siheca Chiesa
33%
zeuhekucw Chukwueze
33%
bisritergaai Estigarribia
33%
eedhwös Höwedes
33%
ieyhcz Ziyech
33%
zilartaetb Balzaretti
0%
saumnoc Mancosu
0%
Nessun quiz corrispondente trovato
Distribuzione punteggi
Percentuale di utenti per punteggio
Percentile per numero di risposta
I tuoi punteggi nel tempo
Non hai fatto questo quiz